| Fine Arts - Classical Music and Opera | 11 | 19.09 | 91% | 73% | 27% |
| Fine Arts - Other Arts | 10 | 18.00 | 100% | 70% | 10% |
| Fine Arts - Painting and Sculpture | 12 | 15.00 | 92% | 50% | 8% |
| Geography | 3 | 16.67 | 100% | 67% | 0% |
| History - American History | 10 | 14.00 | 90% | 50% | 0% |
| History - European History | 12 | 20.00 | 92% | 75% | 33% |
| History - Other History | 10 | 19.00 | 100% | 70% | 20% |
| History - World History | 9 | 16.67 | 100% | 44% | 22% |
| Literature - American Literature | 12 | 20.00 | 92% | 75% | 33% |
| Literature - British Literature | 9 | 20.00 | 100% | 78% | 22% |
| Literature - European Literature | 9 | 23.33 | 100% | 89% | 44% |
| Literature - World Literature | 7 | 18.57 | 100% | 86% | 0% |
| Modern World | 2 | 20.00 | 100% | 100% | 0% |
| Mythology | 4 | 17.50 | 100% | 25% | 50% |
| Other Academic | 5 | 22.00 | 100% | 80% | 40% |
| Other Culture | 4 | 15.00 | 100% | 50% | 0% |
| Other Science (Astronomy) | 2 | 25.00 | 100% | 100% | 50% |
| Other Science (Computer Science) | 2 | 20.00 | 100% | 100% | 0% |
| Other Science (Earth Science) | 2 | 10.00 | 50% | 50% | 0% |
| Other Science (Engineering) | 1 | 20.00 | 100% | 100% | 0% |
| Other Science (Math) | 2 | 15.00 | 100% | 50% | 0% |
| Philosophy | 9 | 20.00 | 100% | 89% | 11% |
| Religion | 10 | 17.00 | 70% | 70% | 30% |
| Science - Biology | 10 | 15.00 | 90% | 40% | 20% |
| Science - Chemistry | 8 | 17.50 | 100% | 63% | 13% |
| Science - Physics | 7 | 18.57 | 100% | 57% | 29% |
| Social Science | 10 | 17.00 | 80% | 60% | 30% |